LEADER 01678nam a2200325 i 4500 001 000000351013 003 CaOOAMICUS 005 20220727115326.0 008 220727s2022 it m u000 u fre u 013 $a232165 020 $a978-88-7105-474-2 040 $aSeMil$bita 100 1 $aOgoudélé Assogba, Théodore.$0(OLS)http://semarc/name/116247 245 13$aLa sexualité responsable :$bpour l?éveil des jeunes à l?éthique sexuelle au Bénin /$cThéodore Ogoudélé Assogba ; prefazione di Maurizio Chiodi. 264 1$aMilano :$bGlossa,$c2022. 300 $aXX, 355 p. ;$c24 cm 490 1 $aDissertatio. Series Mediolanensis ;$v32 650 4$aBenin - Sessualità - Aspetti etici e morali.$0(OLS)http://semarc/subject/52691 650 4$aSessualità - Cristianesimo.$0(OLS)http://semarc/subject/31469 650 4$aEtica sessuale.$0(OLS)http://semarc/subject/10388 650 04$aGiovani - Atteggiamenti verso il sesso - Benin.$0(OLS)http://semarc/subject/52692 650 4$aSesso - Chiesa Cattolica - Testi del Magistero.$0(OLS)http://semarc/subject/32253 700 1 $aChiodi, Maurizio,$d<1955- >.$0(OLS)http://semarc/name/13666 830 0$aDissertatio. Series Mediolanensis ;$v32.$0(OLS)http://semarc/title/304 850 $aSeMil 852 $aSeMil$W1$xVenegono$y1$m2KA G 32$j233666$B242058$CSeMilBibl$Z2$F242058 $81 996 $6020$a978-88-7105-474-2$9(OLS)http://semarc/number/296366 996 $6245$aLa sexualité responsable :$bpour l?éveil des jeunes à l?éthique sexuelle au Bénin$9(OLS)http://semarc/title/440817 996 $6264$aMilano :$bGlossa$9(OLS)http://semarc/publisher/29635 LEADER 01043nam a2200217 i 4500 001 000000090380 003 CaOOAMICUS 005 20160126000000.0 008 160126s1843 it u000 u ita u 013 $a62622 040 $aSeMil$bita 100 1 $aLoyau de Lacy E. : d'Amboise.$0(OLS)http://semarc/name/40634 245 10$aVita di san Francesco di Sales vescovo e principe di Ginevra /$cscritta da Loyau d'Amboise ; e tradotta dal sacerdote Filippo De Bernardi. 260 $aMilano :$bLibreria Mussi,$c1843. 300 $a55 p., [2] c. di tav. di cui 1 ripieg. :$britr., facs. ;$c22 cm. 600 04$aFrancesco : di Sales .$0(OLS)http://semarc/subject/787 700 1 $aDe Bernardi, Filippo.$0(OLS)http://semarc/name/40635 850 $aSeMil 852 $aSeMil$W1$xVenegono$y1$m3H IV 61 FA$j53348$B53348$CSeMilBibl$Z2$F57981 $8I 996 $6245$aVita di san Francesco di Sales vescovo e principe di Ginevra$9(OLS)http://semarc/title/136334 996 $6260$aMilano :$bLibreria Mussi$9(OLS)http://semarc/publisher/43592